| 000 | 00795nam a22002537a 4500 | ||
|---|---|---|---|
| 005 | 20260127131947.0 | ||
| 008 | 260127b |||||||| |||| 00| 0 eng d | ||
| 020 | _a9789622089716 | ||
| 040 | _aBSOP | ||
| 041 | _achi | ||
| 050 | _aBV4501.3 | ||
| 100 |
_6880-1 _aTchividjian, Tullian |
||
| 245 |
_6880-1 _aJesus + nothing = everything {ch} / _cTullian Tchividjian; translated by Kam-wing Chan. |
||
| 250 | _a1st ed. | ||
| 264 |
_aHong Kong : _bTien Dao Publishing House, Ltd., _c2014. |
||
| 300 |
_a256p. ; _c21cm. |
||
| 440 | _aMind Pioneer Series. | ||
| 504 | _aIncludes bibliographical references. | ||
| 650 | _aChristian life -- Presbyterian authors {ch}. | ||
| 700 | _aChan, Kam-wing | ||
| 880 |
_6245-1 _a耶穌 + 零 = 一切 |
||
| 880 |
_6100-1 _a查維金 |
||
| 942 |
_2lcc _cBK |
||
| 999 |
_c55181 _d55181 |
||